000
00197nam a2200085 4500
001
1257596
005
20260217105928.0
245
_a
İÇİMDEKİ MÜZİK
_c
SHARON M. DRAPER
260
_b
TİMAŞ YAYINLARI
999
_c
1257596
_d
1257596